Städteraten - Amerika - Statistiken

Allgemein
  • Dieses Quiz wurde 156 mal gespielt
  • Das Durchschnittsergebnis liegt bei 12 aus 15
Antwortstatistiken
Hint Antwort % Korrekt
Berühmteste Stadt der USA New York / USA
98%
Filmhauptstadt der Welt Los Angeles / USA
95%
Hier steht das Weiße Haus Washington / USA
94%
Casinostadt in der Wüste Las Vegas / USA
91%
Berühmt für die Golden Gate Bridge San Francisco / USA
91%
Küstentadt am Zuckerhut Rio de Janeiro / Brasilien
90%
Berühmteste Metropole Floridas Miami / USA
88%
Hauptstadt Argentiniens Buenos Aires / Argentinien
87%
Größte Stadt Kanadas Toronto / Kanada
83%
Hauptstadt Kubas Havanna / Kuba
81%
Wurde durch ihre Tea Party berühmt Boston / USA
72%
Größte Stadt des Doppelkontinents Mexiko-Stadt / Mexiko
70%
Hauptstadt des zweitgrößten Staates Ottawa / Kanada
69%
Größte Stadt Südamerikas Sao Paulo / Brasilien
68%
Beherbergt das Art Institute of ... Chicago / USA
41%
Keine übereinstimmenden Quizze gefunden
Verteilung der Resultate
Anzahl Personen mit jedem Resultat
Perzentil nach korrekt beantworteten Fragen
Ihre Resultats-Entwicklung
Sie haben dieses Quiz noch nicht gespielt